| 000 | 02835nam a22003491 4500 | ||
|---|---|---|---|
| 005 | 20050808122104.0 | ||
| 008 | 721219s1962 nyu | 00| f eng | ||
| 010 | _aB-346965-975 | ||
| 020 |
_a9788172234898 _c195.00 |
||
| 035 | _aB-346965-975 | ||
| 037 | _bAakar Books | ||
| 040 |
_adpl _bEnglish |
||
| 082 | _aN | ||
| 100 | _aSheldon, Sidney | ||
| 245 |
_aMemories of midnight / _cby Sidney Sheldon |
||
| 260 |
_aNoida _bHarper-Collins Publishers _c2008 |
||
| 270 |
_aA-53, Sector 57, Noida _bUttar Pradesh _e201301 |
||
| 300 |
_a291p. _c18 cm. (pbk) |
||
| 942 |
_2ddc _cEN _hN _mSHE |
||
| 999 |
_c23802 _d23802 |
||